Φορτώνει......
The Golden Goblet
| Κύριος συγγραφέας: | |
|---|---|
| Άλλοι συγγραφείς: | |
| Μορφή: | Printed Book |
| Έκδοση: |
Trivandrum
The Author
1976
|
| Θέματα: |
| LEADER | 00494nam a2200181 4500 | ||
|---|---|---|---|
| 020 | |||
| 082 | |a 894.8121 APP | ||
| 100 | |a Appan, M. P. | ||
| 245 | |a The Golden Goblet |h Malayalam | ||
| 250 | |||
| 260 | |a Trivandrum |b The Author |c 1976 | ||
| 300 | |a 72 P |b PB |f Book | ||
| 500 | |||
| 650 | |a Poetry | ||
| 700 | |a Prabha, M. |e Editor | ||
| 942 | |c TB | ||
| 999 | |c 266886 |d 266886 | ||
| 952 | |0 0 |1 0 |4 0 |6 894_812100000000000_APP |7 0 |9 283607 |a LIN |b LIN |d 2007-07-05 |l 0 |o 894.8121 APP |p LIN6401 |r 2020-02-06 |w 2020-02-06 |y TB | ||